Statistiques concernant Les 100 villes les plus peuplées d'Amérique du Sud sur une carte

Cliquez ici pour prendre le quiz!

Statistiques générales

  • Ce quiz a été pris 133 fois
  • Le résultat moyen est 29 sur 100

Réponses sur la Carte

Les réponses sont colorées sur une échelle allant du rouge au vert en fonction du pourcentage des utilisateurs qui les ont devinées à leur premier essai. Vous pouvez retrouver ces pourcentages ci-dessous.
 

Statistiques - réponses

PaysPopulationAgglomération% Correct
Brésil12 699 743Rio de Janeiro
99%
Brésil36 315 721São Paulo
95%
Argentine13 985 794Buenos Aires
94%
Colombie10 985 285Bogotá
92%
Pérou12 104 036Lima
92%
Chili8 310 984Santiago
91%
Brésil4 560 505Brasília
88%
Équateur2 671 191Quito
88%
Bolivie1 966 110La Paz
87%
Venezuela4 938 596Caracas
84%
Colombie3 909 729Medellín
84%
Uruguay2 078 343Montevideo
80%
Paraguay2 644 920Asunción
71%
Colombie482 287Bello
68%
Brésil2 631 239Manaus
68%
Brésil5 916 189Belo Horizonte
66%
Colombie4 022 967Cali
66%
Brésil4 317 508Porto Alegre
62%
Brésil4 054 866Recife
60%
Argentine1 750 459Rosario
57%
Équateur3 564 222Guayaquil
54%
Brésil3 899 533Salvador
54%
Brésil2 491 052Belém
52%
Guyana424 848Georgetown
52%
Pérou434 654Cuzco
49%
Brésil4 074 730Fortaleza
49%
Argentine2 420 052Córdoba
47%
Brésil3 615 027Curitiba
44%
Venezuela1 711 144Maracay
40%
Chili1 132 086Valparaiso
40%
Colombie2 450 127Barranquilla
38%
Bolivie2 249 657Santa Cruz de la Sierra
38%
Colombie1 576 312Carthagène des Indes
35%
Brésil1 587 055Natal
35%
Venezuela3 351 104Maracaïbo
34%
Argentine1 055 679Mendoza
29%
Pérou1 287 205Arequipa
28%
Brésil2 518 775Goiânia
27%
Argentine961 130Santa Fe - Paraná
25%
Brésil1 621 102São Luis
25%
Argentine682 605Mar del Plata
24%
Colombie455 678Pasto
24%
Argentine511 389San Juan
24%
Venezuela1 818 628Valence
24%
Brésil1 189 947Florianópolis
23%
Argentine640 520Salta
21%
Pérou1 070 709Trujillo
19%
Paraguay819 211Ciudad del Este - Foz do Iguaçu
18%
Bolivie1 359 232Cochabamba
18%
Pérou471 993Iquitos
18%
Brésil1 951 673Vitória
18%
Argentine1 059 327San Miguel de Tucumán
17%
Chili384 065Antofagasta
15%
Chili1 127 682Concepción
13%
Venezuela846 353Barcelone
12%
Brésil864 131Cuiabá
12%
Colombie1 150 993Bucaramanga
11%
Brésil1 069 420Campo Grande
11%
Brésil1 330 291Maceió
11%
Argentine382 555Neuquén
11%
Argentine465 249San Salvador de Jujuy
11%
Venezuela1 433 805Barquisimeto
10%
Équateur705 901Cuenca
10%
Brésil1 266 463João Pessoa
10%
Brésil1 222 940Teresina
10%
Brésil1 052 464Aracaju
9%
Argentine773 371Resistencia - Corrientes
9%
Équateur456 244Santo Domingo
9%
Brésil1 400 128Joinville
8%
Brésil1 101 595Londrina
8%
Équateur751 053Manta
8%
Pérou517 293Piura
8%
Pérou810 783Chiclayo
7%
Venezuela929 707Ciudad Guayana
6%
Colombie1 082 632Cúcuta
6%
Colombie633 134Ibagué
6%
Venezuela403 106Mérida
6%
Venezuela450 223Ciudad Bolívar
5%
Venezuela1 015 623San Cristóbal
5%
Colombie706 836Santa Marta
5%
Chili457 820Coquimbo
4%
Venezuela423 546Cumaná
4%
Colombie920 784Pereira
4%
Colombie629 029Villavicencio
4%
Équateur570 933Ambato
3%
Équateur537 823Machala
3%
Venezuela592 574Maturín
3%
Colombie451 638Popayán
3%
Colombie584 682Valledupar
3%
Colombie504 722Armenia
2%
Colombie424 047Buenaventura
2%
Colombie559 433Manizales
2%
Colombie694 937Montería
2%
Colombie495 885Neiva
2%
Équateur478 808Quevedo
2%
Venezuela437 495Acarigua-Araure
1%
Venezuela436 923Barinas
1%
Venezuela529 058Porlamar
1%
Équateur428 321Riobamba
1%
Venezuela444 152Valera
1%

Distribution des résultats

Percentile par nombre de réponses

% des personnes avec chaque résultat

Votre développement - résultats

Vous n’avez pas pris ce quiz